| 000 | 01668nam a2200457 a 4500 | ||
|---|---|---|---|
| 001 | 000003172 | ||
| 003 | DO-SdBPM | ||
| 005 | 20251121121841.0 | ||
| 007 | ta | ||
| 008 | 090707s2003 dr er 001 0 spa d | ||
| 020 | _a9993461857 | ||
| 040 |
_aDO-SdBPM _bspa _cBPMSU _drda |
||
| 082 | 4 |
_a460.141 _bM433h 2003 _222 |
|
| 100 | 1 | 0 |
_aMatos Moquete, Manuel, _d1944- _4aut. _eautor |
| 100 | z |
_a Moquete, Manuel Matos, _d1944- |
|
| 245 | 1 | 3 |
_aEl habla coloquial de Hipólito Mejía : _bestudio de un idiolecto / _cManuel Matos Moquete. |
| 264 |
_aSanto Domingo : _bINTEC, _c2003. |
||
| 300 |
_a246 páginas ; _c23 cm. |
||
| 336 |
_atexto _btxt _2rdacontent |
||
| 337 |
_asin mediación _bn _2rdamedia |
||
| 338 |
_avolumen _bnc _2rdacarrier |
||
| 500 | _aIncluye datos biográficos del autor en la solapa de la cubierta | ||
| 504 | _aIncluye notas y referencias bibliográficas al pie de las páginas. | ||
| 504 | _aBibliográfía : páginas 245-246 | ||
| 590 | _aInventariado, 2025 / VM | ||
| 600 | 1 | 7 |
_aMejía, Hipólito, _d1941- _xCrítica e interpretación |
| 600 | 1 | 7 |
_aMejía, Hipólito, _d1941- _xLenguaje |
| 650 | 7 |
_aEspañol _xSemántica |
|
| 650 | 7 |
_aEspañol _xProvincialismos _zRepública Dominicana |
|
| 650 | 7 |
_aLingüística _xInvestigaciones |
|
| 650 | 7 | _aAnálisis del discurso | |
| 650 | 7 | _aOratoria política | |
| 650 | _aComunicación política | ||
| 650 | 7 |
_aPresidentes _zRepública Dominicana _xLenguaje |
|
| 710 | 2 | _aInstituto Tecnológico de Santo Domingo | |
| 710 | z | _aINTEC | |
| 710 | z | _aI.N.T.E.C. | |
| 710 | z | _aInstituto Tecnológico Santo Domingo | |
| 910 | _aVMateo V. Control de calidad. BPMSU | ||
| 942 |
_2ddc _cBK |
||
| 999 |
_c15538 _d15538 |
||